| 000 | 00357nam a2200121Ia 4500 | ||
|---|---|---|---|
| 008 | 191014s9999 xx 000 0 und d | ||
| 082 |
_a539.72 _bMAR |
||
| 100 |
_aR. E. Marshak and E.C.G. Sudarshan _920419 |
||
| 245 | 0 | _aIntroduction to Elementary Particle Physics | |
| 260 |
_aLondon _bInterscience Publishers _c1961 |
||
| 300 | _aViii,231 | ||
| 942 | _cBK | ||
| 999 |
_c531001 _d531001 |
||